00382nam a2200145 a 4500008004100000050001600041100002200057245002400079246003100103250001200134260004000146300002100186350000900207700002000216120416s1973 ||||||||||||||||| || u aHF 5635 Bed aBedford, Norton M10aAdvanced accounting aan organizational approach a3rd ed. aNew YorkbJohn Wiley and Sonsc1973 axix, 948p. : ill a0.00 aWyatt, Arthur R